01011 a2200289 4500003000500000005001700005020002500022020002200047040000900069082001400078100001700092245012800109260004600237300002300283440003100306650003100337650002400368650005400392650002500446650003100471650005600502651001100558700001800569942001200587999001900599952010300618Nust20170207154024.0 a0-262-04199-5 (inb.) a978-0-262-54185-5 cNust0 a573.8b011 aDayan, Peter00aTheoretical neuroscience-(E-BOOK)bcomputational and mathematical modeling of neural systems /cPeter Dayan and L.F. Abbott aCambridge, Mass. :bMIT Press,ccop. 2001 axv, 460 s. :bill. 0aComputational neuroscience 0aComputational neuroscience 0aComputer simulation 0aHuman information processingxComputer simulation 0aModels, neurological 0aNeural networks (Computer) 0aNeural networks (Neurobiology)xComputer simulation aE-BOOK1 aAbbott, L. F. 2ddccBK c191804d191804 00102ddc40708NFICaMCSbMCSd2016-12-12l0o573.8 DAYpMCSEB-785r2016-12-08w2016-12-12yBK